000
00243nam a2200109Ia 4500
100
_a
Wilson & Holt Jr.
650
_a
Chemistry
942
_c
BK
245
_a
Hand Book Of Fixture Design
260
_b
Tata Mc Graw hill
_c
2001
546
_a
ENGLISH
999
_c
29080
_d
29080